| 000 | 01162nam0a22003011 4500 | ||
|---|---|---|---|
| 001 | rc\4348893 | ||
| 005 | 20250612054819.0 | ||
| 021 |
_aRU _b[59-74795] |
||
| 035 | _a(NLR Aleph) 008528456 | ||
| 090 |
_a8272743 _c8272743 |
||
| 100 | _a20130416d1959 |||y0rusy50 ca | ||
| 101 | 0 | _arus | |
| 102 | _aRU | ||
| 105 | _ay z ||||| | ||
| 200 | 1 |
_aТруды по теории чисел _fОбщая ред. акад. И.М. Виноградова _gКоммент. чл.-корр. АН СССР Б.Н. Делоне _gПеревод канд. физ.-мат. наук В.Б. Демьянова _gАкад. наук СССР |
|
| 210 |
_aМосква _cИзд-во Акад. наук СССР _d1959 |
||
| 215 |
_a978 с. _d23 |
||
| 225 | 1 | _aКлассики науки | |
| 606 |
_aЧисла, теория _2psbo |
||
| 700 | 1 |
_aГаусс _bК.Ф. _f1777-1855 _gКарл Фридрих |
|
| 702 | 1 |
_aДелоне _bБ.Н. _4212 |
|
| 702 | 1 |
_aДемьянов _bВ.Б. _4730 |
|
| 702 | 1 |
_aВиноградов _bИ.М. _gИван Матвеевич _4340 |
|
| 801 | 0 |
_aRU _bNLR _gpsbo |
|
| 801 | 1 |
_aRU _bELAR _2rusmarc |
|
| 852 |
_aNLR _j59-5/5180 |
||
| 942 | _cBOOK | ||
| 980 | _aNB | ||